|
|
|
|
| LEADER |
00000cam a2200000 i 4500 |
| 001 |
1/64512 |
| 008 |
071126s2002 eng d |
| 020 |
|
|
|a 3-540-43611-1
|
| 035 |
|
|
|l 10092556
|
| 040 |
|
|
|a GR-MY-UA
|b gre
|e aacr
|
| 041 |
0 |
|
|a eng
|
| 082 |
0 |
|
|a 658.5
|2 (22)
|
| 245 |
1 |
0 |
|a Moving into mass customization :
|b information systems and management principles /
|c Claus Rautenstrauch, Ralph Seelmann-Eggebert, Klaus Turowski, editors
|
| 260 |
|
|
|a Berlin :
|b Springer,
|c c2002
|
| 300 |
|
|
|a vii, 252 σ.;
|b εικ.;
|c 24 εκ.
|
| 504 |
|
|
|a Περιλαμβάνει βιβλιογραφίες
|
| 650 |
0 |
0 |
|a Management information systems.
|
| 650 |
0 |
0 |
|a System design.
|
| 700 |
1 |
|
|a Rautenstrauch, Claus,
|d 1961-
|4 edt
|
| 700 |
1 |
|
|a Seelmann-Eggebert, Ralph,
|d 1969-
|4 edt
|
| 700 |
1 |
|
|a Turowski, Klaus,
|d 1966-
|4 edt
|
| 852 |
|
|
|a INST
|b CHIOS
|e 20071126
|h 658.5 MOV
|p 005200028400
|q 005200028400
|t BK
|y 0
|
| 852 |
|
|
|a INST
|b SYROS
|e 20080403
|h 658.5 MOV
|p 005500006250
|q 005500006250
|t BK
|y 0
|
| 901 |
|
|
|a BIBL5-2008-1
|
| 901 |
|
|
|a BIBL2-2007-3
|
| 909 |
|
|
|a Ε
|b 143665
|
| 909 |
|
|
|a Χ
|b 131422
|
| 922 |
|
|
|a 5ΕΛΗ
|b 200712
|c ΕΠΕΑΕΚ2/ΤΜΣΠΣ
|d ΕΛΕΥΘΕΡΟΥΔΑΚΗΣ
|
| 970 |
|
|
|a ΒΑΡΦΗΣ
|b ΒΑΓΓΕΛΗΣ
|z 2007/11/22
|